Vector mechanics for engineers (Record no. 4856)

000 -LEADER
fixed length control field 00594nam a2200217 a 4500
001 - CONTROL NUMBER
control field 4856
003 - CONTROL NUMBER IDENTIFIER
control field BD-DhUET
008 - FIXED-LENGTH DATA ELEMENTS--GENERAL INFORMATION
fixed length control field 840307s1984 nyua 001 0 eng
020 ## - INTERNATIONAL STANDARD BOOK NUMBER
International Standard Book Number 0070044384
040 ## - CATALOGING SOURCE
Original cataloging agency DLC
Transcribing agency DLC
Modifying agency BD-DhUET
082 00 - DEWEY DECIMAL CLASSIFICATION NUMBER
Classification number 620.1
Item number BEE/1984
100 ## - MAIN ENTRY--PERSONAL NAME
Personal name Beer, Ferdinand P.
245 10 - TITLE STATEMENT
Title Vector mechanics for engineers
Remainder of title statics and dynamics
250 ## - EDITION STATEMENT
Edition statement 4th ed.
260 ## - PUBLICATION, DISTRIBUTION, ETC. (IMPRINT)
Place of publication, distribution, etc. New York
Name of publisher, distributor, etc. McGraw-Hill
Date of publication, distribution, etc. 1984
300 ## - PHYSICAL DESCRIPTION
Extent xxi, 926 p.
Other physical details ill.
Dimensions 24 cm.
504 ## - BIBLIOGRAPHY, ETC. NOTE
Bibliography, etc Includes bibliographies
650 #0 - SUBJECT ADDED ENTRY--TOPICAL TERM
Topical term or geographic name as entry element Engineering instruments
700 1# - ADDED ENTRY--PERSONAL NAME
Personal name Johnston, E. Russell
942 ## - ADDED ENTRY ELEMENTS (KOHA)
Koha item type General Book
Holdings
Koha date last seen Koha item type Koha full call number Koha issues (times borrowed) Location (home branch) Source of classification or shelving scheme Koha normalized classification for sorting Copy number Price effective from Piece designation (barcode) Koha date last borrowed Withdrawn status Not for loan Sublocation or collection (holding branch) Shelving location Date acquired Lost status Damaged status
2015-12-08General Book620.1/BEE/1984 Central Library, BUET 620_100000000000000_BEE_198412014-11-2366051   Central Library, BUETCirculation section2014-11-23  
2022-06-20General Book620.1/BEE/19842Central Library, BUET 620_000000000000000_1BEE198412014-11-24660422022-06-12  Central Library, BUETCirculation section2014-11-24  
2023-06-07General Book620.1/BEE/19844Central Library, BUET 620_100000000000000_BEE_198412014-11-29660862023-01-10  Central Library, BUETCirculation section2014-11-29  
2025-05-28General Book620.1 /BEE/19841Central Library, BUET 620_100000000000000_BEE_1984492014-12-11660442025-04-30  Central Library, BUETCirculation section2014-12-11  
2015-02-23General Book620.1/BEE/1984 Central Library, BUET 620_100000000000000_BEE_198412014-12-1166012   Central Library, BUETCirculation section2014-12-11  
2015-12-22General Book620.1/BEE/1984 Central Library, BUET 620_100000000000000_BEE_198462015-01-1966043   Central Library, BUETCirculation section2015-01-19  
2022-12-13General Book620.1/BEE/19841Central Library, BUET 620_100000000000000_BEE_198472015-02-16813362022-11-21  Central Library, BUETCirculation section2015-02-16  
2018-04-30General Book620.1/BEE/19841Central Library, BUET 620_100000000000000_BEE_198412015-04-01660482018-04-18  Central Library, BUETCirculation section2015-04-01  
2015-06-21Reading Item620.1/BEE/1984 Central Library, BUET 620_100000000000000_BEE_198492015-06-2166015   Central Library, BUETReading section2015-06-21  
2015-06-22General Book620.1/BEE/1984 Central Library, BUET 620_100000000000000_BEE_1984102015-06-2266014   Central Library, BUETReading section2015-06-22  
2015-06-22General Book620.1/BEE/1984 Central Library, BUET 620_100000000000000_BEE_1984112015-06-2266013   Central Library, BUETReading section2015-06-22  
2015-06-29Reading Item620.01/BEE/1984 Central Library, BUET 620_010000000000000_BEE_1984122015-06-2966095   Central Library, BUETReading section2015-06-29  
2015-07-28General Book620.1/BEE/1984 Central Library, BUET 620_100000000000000_BEE_1984132015-07-2875502   Central Library, BUETCirculation section2015-07-28